[Event "Avoine op 26th"]
[Site "Avoine"]
[Date "2011.07.23"]
[Round "1"]
[White "Roger, Thomas"]
[Black "Ollier, Pablo"]
[Result "1/2-1/2"]
[WhiteElo "1982"]
[BlackElo "2277"]
[PlyCount "85"]
[EventDate "2011.07.23"]
[EventType "swiss"]
[EventRounds "9"]
[EventCountry "FRA"]
[SourceTitle "EXT 2012"]
[Source "ChessBase"]
[SourceDate "2011.11.24"]
[SourceVersion "1"]
[SourceVersionDate "2011.11.24"]
[SourceQuality "1"]

1. e4 e5 2. Nf3 Nc6 3. Bc4 Nf6 4. d3 Be7 5. c3 0-0 6. 0-0 d5 7. exd5 Nxd5 8. Re1 Bg4 9. h3 Bh5 10. g4 Bg6 11. Nxe5 Nxe5 12. Rxe5 Nb6 13. Qf3 Nxc4 14. dxc4 Bd6 15. Re1 Re8 16. Bd2 Rxe1+ 17. Bxe1 Qe7 18. Nd2 Re8 19. Qxb7 h5 20. Qc6 hxg4 21. hxg4 Qe6 22. Qf3 Qe5 23. Qh3 Qf4 24. Qg3 Qh6 25. Qg2 Bf4 26. Nf1 Qg5 27. Rd1 Bc2 28. Rd5 Qg6 29. Rh5 Qf6 30. Bd2 g6 31. Rh3 Be4 32. f3 Bd3 33. Bxf4 Re1 34. Qg3 Qb6+ 35. Kh2 Rxf1 36. Be5 f6 37. b3 Qe3 38. Bd4 Qc1 39. Kg2 Re1 40. Qxc7 Re2+ 41. Bf2 Rxf2+ 42. Kxf2 Qd2+ 43. Kg1 1/2-1/2

[Event "Cap d'Agde Cavalier op"]
[Site "Cap d'Agde"]
[Date "2008.10.27"]
[Round "3"]
[White "Mora, Pascal"]
[Black "Roger, Thomas"]
[Result "1-0"]
[WhiteElo "2096"]
[BlackElo "1930"]
[PlyCount "67"]
[EventDate "2008.10.25"]
[EventType "swiss"]
[EventRounds "9"]
[EventCountry "FRA"]
[SourceTitle "EXT 2010"]
[Source "ChessBase"]
[SourceDate "2010.11.25"]
[SourceVersion "1"]
[SourceVersionDate "2010.11.25"]
[SourceQuality "1"]

1. e4 c6 2. d4 d5 3. Nc3 dxe4 4. Nxe4 Bf5 5. Ng3 Bg6 6. Bc4 e6 7. Nf3 Nd7 8. Qe2 Qc7 9. 0-0 Ngf6 10. Nh4 0-0-0 11. a4 Bd6 12. a5 Rde8 13. Bd2 Bf4 14. Ra3 e5 15. Nxg6 fxg6 16. Qd3 Nc5 17. dxc5 Rd8 18. Qb3 Rxd2 19. a6 b6 20. cxb6 axb6 21. a7 Kb7 22. a8Q+ Rxa8 23. Rxa8 Kxa8 24. Ra1+ Kb7 25. Qa3 Qb8 26. Ne4 Rd7 27. Be6 Nxe4 28. Bxd7 Nc5 29. Bg4 h5 30. Be2 e4 31. b4 Ne6 32. Qa6+ Kc7 33. Qc4 Ng5 34. h4 1-0

[Event "Avoine op 23rd"]
[Site "Avoine"]
[Date "2008.07.23"]
[Round "5"]
[White "Vingerhoets, Luc"]
[Black "Roger, Thomas"]
[Result "1-0"]
[WhiteElo "2077"]
[BlackElo "1914"]
[PlyCount "52"]
[EventDate "2008.07.19"]
[EventType "swiss"]
[EventRounds "9"]
[EventCountry "FRA"]
[SourceTitle "CBM 125 Extra"]
[Source "ChessBase"]
[SourceDate "2008.09.01"]
[SourceVersion "1"]
[SourceVersionDate "2008.09.01"]
[SourceQuality "1"]

1. e4 c6 2. d4 d5 3. exd5 cxd5 4. c4 Nf6 5. Nc3 Nc6 6. Bg5 e6 7. c5 Be7 8. Nf3 h6 9. Bf4 Ne4 10. Bd3 Qa5 11. Bxe4 dxe4 12. Ne5 Qb4 13. Nxc6 bxc6 14. 0-0 Ba6 15. Re1 Rd8 16. Nxe4 Rxd4 17. Qf3 0-0 18. Be5 Rxe4 19. Rxe4 Qxc5 20. Bd4 Qb5 21. Qc3 Bb4 22. Qg3 g6 23. Rxe6 Qf5 24. Rxc6 Bb7 25. Rf6 Qc2 26. Qe5 Kh7 1-0